Catálogo

Vista normal Vista MARC

Entrada Personal Name

Número de registros utilizados en: 1

001 - CONTROL NUMBER

  • control field: 8707

003 - CONTROL NUMBER IDENTIFIER

  • control field: DLC

005 - DATE AND TIME OF LATEST TRANSACTION

  • control field: 20190117082944.0

008 - FIXED-LENGTH DATA ELEMENTS

  • fixed length control field: 811117n| azannaabn |a aaa

010 ## - LIBRARY OF CONGRESS CONTROL NUMBER

  • LC control number: n 81086946

035 ## - SYSTEM CONTROL NUMBER

  • System control number: (OCoLC)oca00632168

040 ## - CATALOGING SOURCE

  • Original cataloging agency: DLC
  • Language of cataloging: spa
  • Description conventions: rda
  • Transcribing agency: Mx-PuUPA
  • Modifying agency: DLC
  • Modifying agency: OCoLC
  • Modifying agency: UPB
  • Modifying agency: DLC
  • Modifying agency: Mx-PuUPA

046 ## - SPECIAL CODED DATES

  • Birth date: 1948

053 #0 - LC CLASSIFICATION NUMBER

  • Classification number element--single number or beginning number of span: PQ7298.28.O18

100 1# - HEADING--PERSONAL NAME

  • Personal name: Robles, Martha,

370 ## - ASSOCIATED PLACE

  • Place of birth: Guadalajara, Mexico

375 ## - GENDER

  • Gender: mujer

377 ## - ASSOCIATED LANGUAGE

  • Language code: spa

400 1# - SEE FROM TRACING--PERSONAL NAME

  • Personal name: Robles, Martha,
  • Dates associated with a name: 1948-

670 ## - SOURCE DATA FOUND

  • Source citation: Her Educación y sociedad en la historia de México, 1977.

670 ## - SOURCE DATA FOUND

  • Source citation: Her Memorias de la libertad, 1979:
  • Information found: cover (Martha Robles) back cover flap (b. Guadalajara, Jalisco, 1948)

670 ## - SOURCE DATA FOUND

  • Source citation: Biblioteca del congreso (Estados Unidos), 17 enero 2019:
  • Information found: catálogo electrónico
  • Uniform Resource Identifier: https://goo.gl/6EKACR